[Event "Gibraltar Open"]
[Site "Caleta ENG"]
[Date "2012.01.30"]
[Round "7.60"]
[White "Astaneh Lopez,A"]
[Black "Agrest,I"]
[Result "1-0"]
[WhiteElo "2414"]
[BlackElo "2189"]

1.d4 Nf6 2.Bg5 c5 3.Bxf6 gxf6 4.d5 Qb6 5.Qc1 Bg7 6.g3 d6 7.Bg2 Nd7 8.Nd2 f5
9.c3 Nf6 10.Nh3 Qc7 11.O-O h5 12.Qc2 Bd7 13.Nf4 h4 14.Nf3 Bh6 15.e3 hxg3
16.hxg3 e5 17.dxe6 fxe6 18.Qb3 c4 19.Qa3 Kf7 20.Rfd1 d5 21.b3 b5 22.Rab1 Rab8
23.Nd4 Rhe8 24.Qb2 Kg8 25.Qe2 Rb6 26.Bf3 Re7 27.Kg2 Rg7 28.Qd2 Rd6 29.Rh1 Bg5
30.Nh3 Bh6 31.Nf4 Bg5 32.Qc2 Qc8 33.bxc4 bxc4 34.Nh5 Nxh5 35.Rxh5 Be8 36.Rh2 Bg6
37.Rbh1 Rh7 38.Qd1 Rxh2+ 39.Rxh2 Kg7 40.Bh5 Bh7 41.f4 Bf6 42.Bf7 Kxf7 43.Rxh7+ Kg8
44.Qh5 Bg7 45.Nf3 Rb6 46.Ng5 Qd7 47.Qg6 Kf8 48.Rxg7 Qxg7 49.Nh7+  1-0

[Event "Moscow Open 2012 A"]
[Site "Moscow RUS"]
[Date "2012.01.30"]
[Round "3.40"]
[White "Pletnev,E"]
[Black "Gavrilov,Al1"]
[Result "0-1"]
[WhiteElo "2338"]
[BlackElo "2498"]

1.d4 Nf6 2.Bg5 d5 3.Bxf6 exf6 4.e3 c6 5.c4 dxc4 6.Bxc4 Bd6 7.Nc3 Nd7 8.Qf3 f5
9.g4 Nb6 10.Bb3 Qg5 11.h3 O-O 12.Bc2 f4 13.e4 c5 14.Qd3 cxd4 15.Nf3 Qh6 16.Nxd4 Bxg4
17.e5 Bxe5 18.hxg4 Qxh1+ 19.Ke2 Qh6 20.Nf5 f3+ 21.Qxf3 Qf4 22.Qh3 Rfe8 23.Ne3 h6
24.g5 Bxc3 25.bxc3 Qxg5 26.Bb3 Nd5 27.Qf3 Nxc3+ 28.Kf1 Kh8 29.Qxb7 Ne4 30.Rc1 Nxf2  0-1

[Event "Gibraltar Open"]
[Site "Caleta ENG"]
[Date "2012.01.31"]
[Round "8.27"]
[White "Nabaty,T"]
[Black "Ali,Se"]
[Result "1-0"]
[WhiteElo "2563"]
[BlackElo "2292"]

1.d4 Nf6 2.Bg5 c5 3.Bxf6 gxf6 4.c3 Qb6 5.Qc2 d5 6.e3 Nc6 7.Nd2 e6 8.Ne2 Bd7
9.g3 Rc8 10.Nb3 Nb4 11.cxb4 cxd4 12.Qd3 Bxb4+ 13.Kd1 dxe3 14.fxe3 e5 15.Rc1 Rxc1+
16.Nexc1 a5 17.a3 Be7 18.Kc2 a4 19.Nd2 Bc5 20.Bg2 Bxe3 21.Bxd5 Bxd2 22.Kxd2 Qxb2+
23.Ke3 Bb5 24.Bc4 Bxc4 25.Qxc4 Qxa3+ 26.Nd3 O-O 27.Rb1 f5 28.Qb4 Qxb4 29.Rxb4 Ra8
30.Nxe5 a3 31.Rb1 a2 32.Ra1 Kg7 33.Nd3 Kf6 34.Nc1 Rc8 35.Kd2 Rd8+ 36.Kc3 Rd1
37.Kc2 Rh1 38.h4 f4 39.gxf4 Kf5 40.Kd2 Rf1 41.Rxa2 Rxf4 42.Ra5+ Kf6 43.Rb5 Rxh4
44.Rxb7 Re4 45.Ne2 h5 46.Ke1 h4 47.Kf2 Ra4 48.Kf3 Ra3+ 49.Kg4 h3 50.Ng3 h2
51.Rb6+ Ke5 52.Rb5+ Ke6 53.Rh5 Ra2 54.Nf1 Ra4+ 55.Kg3 Ra3+ 56.Kxh2 f6 57.Rb5 Kf7
58.Ng3 Kg6 59.Kh3 Ra4 60.Ne2 Re4 61.Rb2 Kg5 62.Kg3 Re3+ 63.Kf2 Ra3 64.Nd4 Kg6
65.Rb5 Rc3 66.Ne2 Ra3 67.Nf4+ Kh6 68.Rf5 Kg7 69.Nd5 Ra2+ 70.Ke3 Ra3+ 71.Kd4 Ra4+
72.Kc5 Ra1 73.Rf2 Rc1+ 74.Kd4 Rc6 75.Ra2 Rc1 76.Ke4 Re1+ 77.Ne3 Kg6 78.Ra6 Rb1
79.Nd5 Re1+ 80.Kf3 Kg5 81.Ra8 Rf1+ 82.Ke4 Re1+ 83.Ne3 Kg6 84.Ra7 Re2 85.Kf3 Rb2
86.Nd5 Kg5 87.Ra5 Kg6 88.Nf4+ Kf7 89.Ra7+ Ke8 90.Ke4 Rf2 91.Nh5 Kf8 92.Nf4 Ke8
93.Nd5 Kf8 94.Kd4 Rf1 95.Kc5 Rf2 96.Kd6 Re2 97.Nf4 Rf2 98.Ne6+ Kg8 99.Rg7+ Kh8
100.Ke7 Ra2 101.Rg4 Kh7 102.Kf7 Ra7+ 103.Kxf6 Ra6 104.Rc4 Rb6 105.Ra4 Kg8
106.Ra7 Kh8 107.Re7 Ra6 108.Kg6 Ra8 109.Rb7 Kg8 110.Nc7 Rf8 111.Nd5  1-0

[Event "85th ch-St Petersburg SF"]
[Site "St Petersburg RUS"]
[Date "2012.01.31"]
[Round "4.11"]
[White "Sichinava,Z"]
[Black "Vorobjev,D"]
[Result "1-0"]
[WhiteElo "2315"]
[BlackElo "2223"]

1.d4 d5 2.Bg5 Nf6 3.Nd2 Bf5 4.c4 c6 5.Bxf6 gxf6 6.Qb3 Qd7 7.Ngf3 dxc4 8.Qxc4 Na6
9.e4 Be6 10.Qa4 Nc7 11.Be2 Bg7 12.Rc1 f5 13.O-O Rg8 14.Rfd1 fxe4 15.Nxe4 Bd5
16.Ng3 Bh6 17.Ne5 Qe6 18.Bh5 Qf6 19.Rc5 O-O-O 20.Qxa7 Ne6 21.Bxf7 Nxc5 22.Bxg8 Bxg8
23.Qxc5 Rd5 24.Qc2 Qf4 25.Nf5 Bf8 26.g3 Qg5 27.b4 Kc7 28.a4 h5 29.Ne3 h4
30.Nxd5+ Bxd5 31.Qg6 Qf6 32.Qxf6 exf6 33.Ng6 Bxb4 34.Nxh4 Bc3 35.Nf5 b5 36.axb5 cxb5
37.Ne3 Bf3 38.Rc1 b4 39.Nd1 Bxd1 40.Rxd1 Kd6 41.d5 b3 42.Kf1 b2 43.Ke2 f5
44.Kd3 Bg7 45.Kc2 Be5 46.h4 Bf6 47.h5 Bg7 48.h6 Bxh6 49.Kxb2 Bg7+ 50.Kb3 Be5
51.Kc4 f4 52.gxf4 Bxf4 53.Re1 Bh2 54.Re6+ Kd7 55.Kc5 Bb8 56.Ra6 Kc7 57.Ra8 Kb7
58.Rxb8+  1-0

[Event "Gibraltar Open"]
[Site "Caleta ENG"]
[Date "2012.02.01"]
[Round "9.53"]
[White "Walton,A"]
[Black "Graf,F"]
[Result "0-1"]
[WhiteElo "2161"]
[BlackElo "2367"]

1.d4 Nf6 2.Bg5 c5 3.d5 Ne4 4.Bc1 e6 5.c4 Qa5+ 6.Bd2 Nxd2 7.Qxd2 Qxd2+ 8.Nxd2 Na6
9.O-O-O exd5 10.cxd5 Nb4 11.e4 Nxa2+ 12.Kb1 Nb4 13.Nc4 Be7 14.Ne2 b5 15.Ne3 O-O
16.Ng3 a6 17.Nef5 Re8 18.Be2 d6 19.h4 Bf8 20.Bf3 g6 21.Ne3 h5 22.Ngf1 c4
23.g4 hxg4 24.Bxg4 Rxe4 25.Bxc8 Rxc8 26.h5 Rf4  0-1

[Event "Moscow Open Women 2012"]
[Site "Moscow RUS"]
[Date "2012.02.01"]
[Round "5.20"]
[White "Galojan,L"]
[Black "Kineva,E"]
[Result "1-0"]
[WhiteElo "2366"]
[BlackElo "2096"]

1.d4 Nf6 2.Bg5 d5 3.Bxf6 exf6 4.e3 Bb4+ 5.c3 Bd6 6.Qb3 c6 7.c4 dxc4 8.Bxc4 O-O
9.Nc3 f5 10.Nf3 Nd7 11.O-O Nf6 12.Rfd1 Qc7 13.a4 Rb8 14.h3 Ne4 15.a5 g5 16.Ne5 Bxe5
17.dxe5 Qxe5 18.Nxe4 fxe4 19.Rd4 Bf5 20.Qc3 Be6 21.Bxe6 Qxe6 22.Qc5 f6 23.Rad1 b6
24.Qc2 c5 25.Rxe4 Qf7 26.Rd6 Rfd8 27.Qd3 Rxd6 28.Qxd6 Rb7 29.Ra4 Qe7  1-0

[Event "ch-TUR 2012"]
[Site "Kemer TUR"]
[Date "2012.02.02"]
[Round "7"]
[White "Koksal,E"]
[Black "Selbes,T"]
[Result "1-0"]
[WhiteElo "2121"]
[BlackElo "2264"]

1.d4 Nf6 2.Bg5 c5 3.d5 Ne4 4.Bf4 Qb6 5.Bc1 g6 6.f3 Nf6 7.e4 d6 8.Nd2 Bg7
9.Nc4 Qd8 10.a4 O-O 11.Ne2 Nbd7 12.Ng3 h5 13.h4 b6 14.Be2 a6 15.O-O Rb8 16.Bg5 Nh7
17.c3 Nxg5 18.hxg5 Ne5 19.Ne3 e6 20.f4 exd5 21.Nxd5 Ng4 22.Nh1 Re8 23.Bf3 b5
24.axb5 Rxb5 25.Nf2 Rxb2 26.Bxg4 hxg4 27.Nxg4 Bxg4 28.Qxg4 Rxe4 29.Rxa6 Rb8
30.Ra7 Qe8 31.Qf3 Re1 32.Kh2 Rxf1 33.Qxf1 Qe4 34.c4 Bd4 35.Re7 Qf5 36.Qe1 Kg7
37.Qe2 Rb1 38.Qe4 Bg1+ 39.Kh1 Bf2+ 40.Kh2 Bg1+ 41.Kh1 Bd4+ 42.Kh2 Qxe4 43.Rxe4 Rc1
44.Nb6 Bg1+ 45.Kh1 Bf2+ 46.Kh2 Bg1+ 47.Kh3 Bf2 48.g4 Rg1 49.Re2 Bd4 50.Nc8 d5
51.cxd5 Rh1+ 52.Kg2 Rh8 53.Nb6 Rd8 54.Re1 Rd6 55.Rb1 Bc3 56.Rb5 Bd2 57.Kf3 Bc3
58.Ke4 Bd4 59.Nc4 Rd7 60.d6 f6 61.Kd5 fxg5 62.Ke6 Ra7 63.fxg5 Ra6 64.Ke7 Ra1
65.d7 Re1+ 66.Kd6 Rd1 67.Kc7  1-0

[Event "Moscow Open 2012 A"]
[Site "Moscow RUS"]
[Date "2012.02.02"]
[Round "6.29"]
[White "Mesropov,K"]
[Black "Evdokimov,Alexa"]
[Result "1/2-1/2"]
[WhiteElo "2419"]
[BlackElo "2569"]

1.d4 Nf6 2.Bg5 c5 3.Bxf6 gxf6 4.c3 Qb6 5.Qd2 Bg7 6.Nf3 d6 7.g3 Bg4 8.Bg2 Nd7
9.Na3 O-O 10.O-O cxd4 11.Nxd4 Ne5 12.h3 Bd7 13.Kh2 Rfc8 14.f4 Nc6 15.Nc4 Qa6
16.Ne3 Rab8 17.Nd5 Kf8 18.e4 Nxd4 19.Qxd4 f5 20.Qd2 fxe4 21.Bxe4 f5 22.Bg2 Rc5
23.Rad1 Re8 24.Rfe1 Ba4 25.Bf1 Bb5 26.Bg2 Ba4 27.Bf1 Bb5 28.Bg2 Ba4 29.Bf1  1/2-1/2

[Event "Moscow Open 2012 A"]
[Site "Moscow RUS"]
[Date "2012.02.03"]
[Round "7.51"]
[White "Gorovets,A"]
[Black "Makhmutov,R"]
[Result "1-0"]
[WhiteElo "2428"]
[BlackElo "2315"]

1.d4 Nf6 2.Bg5 d5 3.Bxf6 exf6 4.e3 Bd6 5.Nd2 c6 6.g3 O-O 7.Bg2 Bf5 8.Ne2 Qc8
9.O-O Bh3 10.Bxh3 Qxh3 11.c4 dxc4 12.Nxc4 Bc7 13.Qb3 Qc8 14.Rac1 Nd7 15.Rfd1 Nb6
16.Nxb6 Bxb6 17.d5 Qg4 18.Nf4 g5 19.Nd3 cxd5 20.Qxd5 Rad8 21.Qc4 Qxc4 22.Rxc4 Rd6
23.Kf1 Rfd8 24.Ke2 f5 25.b4 Kg7 26.a4 R8d7 27.Nb2 Rxd1 28.Nxd1 Kf6 29.h3 Ke6
30.Nc3 a6 31.g4 fxg4 32.Re4+ Kf6 33.hxg4 Rd8 34.Rc4 Rd7 35.a5 Bd8 36.Ne4+ Kg6
37.Rc8 Kg7 38.Nc5 Rd5 39.Nxb7 Be7 40.Rc4 Kf8 41.Nc5  1-0

[Event "Moscow Open 2012 A"]
[Site "Moscow RUS"]
[Date "2012.02.04"]
[Round "8.36"]
[White "Bezgodov,A"]
[Black "Girya,O"]
[Result "1/2-1/2"]
[WhiteElo "2500"]
[BlackElo "2399"]

1.d4 d5 2.Bg5 Nf6 3.Nd2 Bf5 4.e3 e6 5.Ngf3 Be7 6.Be2 O-O 7.O-O h6 8.Bh4 Nbd7
9.c4 c6 10.Qb3 Qb6 11.Rfc1 Qxb3 12.Nxb3 g5 13.Bg3 Ne4 14.Ne1 Nxg3 15.hxg3 Bd6
16.Bd3 Bxd3 17.Nxd3 a5 18.Rc2 Kg7 19.Nd2 Rfd8 20.Re1 Rac8 21.Rec1 Re8 22.Nb3 Ra8
23.Kf1 Ra6 24.Ke2 a4 25.Nd2 e5 26.dxe5 Nxe5 27.cxd5 cxd5 28.Rc8 Rxc8 29.Rxc8 Rb6
30.Rc2 Nxd3 31.Kxd3 Be5 32.b3 axb3 33.Nxb3 Ra6 34.Nc5 Ra3+ 35.Kd2 d4 36.e4 g4
37.Nd3 Bd6 38.Rb2 Bc7 39.Ke2 h5 40.Nc5 Be5 41.Rc2 Kf6 42.Nb3 Ke6 43.Kd3 f5
44.exf5+ Kxf5 45.Kc4 Ra4+ 46.Kb5 Ra3 47.Kb4 Ra8 48.Kc4 Ra4+ 49.Kd3 b6 50.Rd2 Bf6
51.Re2  1/2-1/2

[Event "Frauenbundesliga 2011-12"]
[Site "Germany GER"]
[Date "2012.02.11"]
[Round "8.3"]
[White "Kachiani-Gersinska,K"]
[Black "Hoolt,S"]
[Result "0-1"]
[WhiteElo "2319"]
[BlackElo "2286"]

1.d4 Nf6 2.Bg5 d5 3.Bxf6 exf6 4.e3 Bd6 5.c4 dxc4 6.Bxc4 O-O 7.Nc3 c6 8.Qc2 Qa5
9.Bd3 f5 10.a3 Na6 11.Rc1 g6 12.h4 b5 13.Qd2 b4 14.axb4 Nxb4 15.Bb1 Ba6 16.h5 Rad8
17.g4 fxg4 18.Ne4 Be7 19.Ne2 Qb6 20.hxg6 hxg6 21.N2c3 Kg7 22.Na4 Rh8 23.Rg1 Qb8
24.Ng3 Nd5 25.Nc5 Bb5 26.Qc2 Bxc5 27.Qxc5 Qb6 28.Qxb6 axb6 29.Ne4 f5 30.Nc3 Nxc3
31.bxc3 Bc4 32.e4 Rh2 33.e5 Kf7 34.Bc2 Ra8 35.Bd1 Ra2 36.f3 g3 37.f4 Rhf2  0-1

[Event "3rd Novy Bor Open"]
[Site "Novy Bor CZE"]
[Date "2012.02.14"]
[Round "4"]
[White "Kucera,P3"]
[Black "Scerba,J"]
[Result "0-1"]
[WhiteElo "2179"]
[BlackElo "1909"]

1.d4 Nf6 2.Bg5 d5 3.Nd2 c5 4.Bxf6 exf6 5.dxc5 Bxc5 6.Nb3 Bb6 7.e3 O-O 8.Nf3 Nc6
9.Be2 Be6 10.Qd2 Qe7 11.c3 Rfd8 12.Nbd4 Rac8 13.Rd1 Ne5 14.Qc2 a6 15.Qb3 Ba7
16.O-O Rd7 17.Rfe1 Nc4 18.Qc2 Rdc7 19.Bd3 g6 20.Qb1 f5 21.Ne2 b5 22.a3 a5
23.Nfd4 Bd7 24.Nf4 Qc5 25.Nb3 Qc6 26.Kh1 Be6 27.Be2 a4 28.Nd4 Qb6 29.Nc2 Rd7
30.Bf3 Qc5 31.Nb4 Nb6 32.g3 Bb8 33.Na6 Qc4 34.Be2 Qc6 35.Nxb8 Rxb8 36.Bf3 Kg7
37.Rd4 Rbd8 38.Red1 f6 39.Qc2 Kf7 40.Qe2 g5 41.Nd3 g4 42.Bg2 Rd6 43.h4 Ke7
44.Nf4 Qe8 45.Rb4 Nc4 46.Qd3 Qd7 47.Qd4 Rc8 48.Nd3 Qc6 49.Qf4 Qe8 50.Qd4 Qc6
51.Bf1 Bf7 52.Nf4 h5 53.Bxc4 dxc4+  0-1

[Event "ch-Central Serbia 2012"]
[Site "Pozarevac SRB"]
[Date "2012.02.15"]
[Round "3.18"]
[White "Zivkovic,Ma"]
[Black "Sorgic,D"]
[Result "1-0"]
[WhiteElo "2130"]
[BlackElo "2242"]

1.d4 Nf6 2.Bg5 c5 3.Bxf6 gxf6 4.d5 Qb6 5.Qc1 Bh6 6.e3 d6 7.Nc3 Nd7 8.Nf3 f5
9.Nd2 Ne5 10.f4 Ng4 11.Nc4 Qd8 12.Qd2 Bg7 13.a4 Bd7 14.Be2 Nf6 15.Qd3 b6
16.e4 fxe4 17.Nxe4 a6 18.Nxf6+ Bxf6 19.Qe4 Kf8 20.g4 b5 21.axb5 axb5 22.Rxa8 Qxa8
23.Ne3 Bxb2 24.f5 Bd4 25.Kf2 Qa3 26.Rd1 Bf6 27.Rd3 Qa5 28.Ng2 Kg7 29.g5 Be5
30.h4 Qa4 31.Qf3 c4 32.Re3 Qxc2 33.f6+ Kf8 34.fxe7+ Ke8 35.Rxe5 dxe5 36.d6 Qf5
37.Ne3 Qxf3+ 38.Kxf3 h5 39.Nd5 f6 40.g6  1-0

[Event "ch-ROU Women 2012"]
[Site "Sarata Monteoru ROU"]
[Date "2012.02.15"]
[Round "3.3"]
[White "Foisor,C"]
[Black "Uta,Ad"]
[Result "1-0"]
[WhiteElo "2395"]
[BlackElo "2087"]

1.d4 Nf6 2.Bg5 g6 3.Bxf6 exf6 4.e3 Bg7 5.c4 O-O 6.Nc3 f5 7.g3 d6 8.Bg2 c6
9.Nge2 Na6 10.O-O Nc7 11.b4 Bd7 12.Rb1 Rb8 13.a4 Qe7 14.b5 a6 15.bxc6 bxc6
16.a5 c5 17.Rb6 Rbd8 18.Rb7 Bc8 19.Nd5 Nxd5 20.Rxe7 Nxe7 21.Qd3 cxd4 22.Nxd4  1-0

[Event "US Amateur Team-ch East"]
[Site "Parsippany USA"]
[Date "2012.02.18"]
[Round "1"]
[White "Kekelidze,M"]
[Black "Salman,J"]
[Result "1-0"]
[WhiteElo "2458"]
[BlackElo "2171"]

1.d4 Nf6 2.Bg5 c5 3.d5 Qb6 4.Nc3 Qxb2 5.Bd2 Qb6 6.e4 d6 7.f4 g6 8.Nf3 Bg7
9.Bb5+ Nfd7 10.O-O O-O 11.a4 Na6 12.Rb1 Qd8 13.Ne2 Nc7 14.Bxd7 Qxd7 15.c4 b6
16.Bc3 Ba6 17.Bxg7 Kxg7 18.Qc2 e6 19.Ng3 exd5 20.exd5 f5 21.h4 Rae8 22.h5 Qe7
23.Rb3 Qf6 24.Kf2 Re7 25.Rh1 Rfe8 26.Qc1 Kg8 27.Rd3 Re4 28.Nxe4 fxe4 29.Qc3 Qxc3
30.Rxc3 exf3 31.hxg6 hxg6 32.Kxf3 Bc8 33.g4 Bd7 34.Rc2 Bxa4 35.Rch2 Kf8 36.Rh7 Bc2
37.R1h6 Be4+ 38.Kg3 Nxd5 39.cxd5 Bxd5 40.Rxg6 Rd8 41.Rh8+  1-0

[Event "ch-Central Serbia 2012"]
[Site "Pozarevac SRB"]
[Date "2012.02.18"]
[Round "8.27"]
[White "Lazovic,Bozidar"]
[Black "Zivkovic,Ma"]
[Result "0-1"]
[WhiteElo "1779"]
[BlackElo "2130"]

1.d4 Nf6 2.Bg5 c5 3.Bxf6 gxf6 4.dxc5 Na6 5.Nf3 Nxc5 6.Nbd2 b6 7.e3 Bb7 8.b4 Ne4
9.Nxe4 Bxe4 10.Bd3 Bb7 11.a3 a5 12.b5 e6 13.O-O f5 14.Re1 Bg7 15.Rb1 Bc3
16.Re2 Rg8 17.e4 Qf6 18.Ne1 O-O-O 19.Rb3 Qg7 20.f3 Qd4+ 21.Kh1 f4 22.e5 Rg5
23.Qc1 Rxe5 24.Be4 d5 25.Bd3 Rg8 26.Rxc3+ Qxc3 27.Rxe5 Qxe5 28.c4 Kb8 29.cxd5 Bxd5
30.Bxh7 Rc8 31.Qd1 Bb3 32.Qb1 Qe3 33.Nd3 Bc2  0-1

[Event "US Amateur Team-ch East"]
[Site "Parsippany USA"]
[Date "2012.02.19"]
[Round "4"]
[White "Carre,S"]
[Black "Petty,David A"]
[Result "1-0"]
[WhiteElo "2120"]
[BlackElo "1925"]

1.d4 Nf6 2.Bg5 d5 3.Nf3 e6 4.e3 Be7 5.Bd3 Nbd7 6.Nbd2 c5 7.c3 O-O 8.O-O b6
9.Ne5 Bb7 10.Qf3 Rc8 11.a4 a6 12.Rfe1 Ne8 13.Qh3 f5 14.Bf4 Nxe5 15.Bxe5 Bd6
16.Nf3 Bxe5 17.Nxe5 Rc7 18.Qh5 Nf6 19.Qe2 c4 20.Bc2 Qe7 21.f3 Nd7 22.Nxd7 Qxd7
23.e4 Bc8 24.exf5 exf5 25.Qe5 Rc6 26.a5 Re6 27.Qxe6+ Qxe6 28.Rxe6 Bxe6 29.axb6 Rb8
30.Rxa6 g6 31.b7 Kf7 32.Rb6 Bd7 33.Kf2 Ke7 34.Kg3 Kd8 35.b3 Kc7 36.Rb4 cxb3
37.Bxb3 Bc6 38.h4 Bxb7 39.Rb5 Rd8 40.Kf4 Bc6 41.Ra5 h6 42.Ke5 Re8+ 43.Kf6 Re2
44.Bxd5 Bxd5 45.Rxd5 Rxg2 46.h5 gxh5 47.Rxf5 h4 48.Rh5 Rf2 49.c4 Rxf3+ 50.Ke5 h3
51.Rxh6 Ra3 52.Kd5 Rc3 53.c5 Ra3 54.Rh7+ Kb8 55.c6 Rd3 56.Kc5 Rc3+ 57.Kd6 Rd3
58.d5 Rc3 59.Rh8+ Ka7 60.c7  1-0

[Event "16th Guingamp Open"]
[Site "Guingamp FRA"]
[Date "2012.02.22"]
[Round "4"]
[White "Bleuzen,C"]
[Black "Lejarre,L"]
[Result "1/2-1/2"]
[WhiteElo "1981"]
[BlackElo "2384"]

1.d4 Nf6 2.Bg5 c5 3.Bxf6 gxf6 4.c3 Qb6 5.Qb3 Qxb3 6.axb3 cxd4 7.cxd4 Nc6
8.e3 e5 9.Nf3 d5 10.Nc3 Be6 11.Bb5 e4 12.Nh4 Be7 13.g3 Kd7 14.Ng2 Rhc8 15.Nf4 Kd6
16.Kd2 a6 17.Be2 Bd8 18.Rhc1 Na5 19.Bd1 Rc6 20.Na4 b6 21.Rxc6+ Nxc6 22.Rc1 Ne7
23.Be2 Ng6 24.Nh5 Bd7 25.Nc3 b5 26.Ra1 Bc6 27.Kd1 Kc7 28.Ng7 Be7 29.Nf5 Bf8
30.Bh5 Kb6 31.Rc1 Rd8 32.Kc2  1/2-1/2

[Event "32nd TCh-IND 2012"]
[Site "Panaji IND"]
[Date "2012.02.27"]
[Round "1"]
[White "Akshat,Kh"]
[Black "Rohan,A"]
[Result "1-0"]
[WhiteElo "2414"]
[BlackElo "1907"]

1.d4 Nf6 2.Bg5 g6 3.Bxf6 exf6 4.e3 Bg7 5.g3 O-O 6.Bg2 d6 7.Ne2 Nd7 8.O-O f5
9.Nd2 Nf6 10.c4 Re8 11.Nc3 c6 12.b4 Bd7 13.Qb3 Rb8 14.a4 Qc7 15.a5 h5 16.b5 a6
17.Rfc1 Bh6 18.Re1 Rec8 19.b6 Qd8 20.Qc2 Qf8 21.f3 Qg7 22.Qd3 Re8 23.e4 Rbd8
24.Nb3 f4 25.Ne2 fxg3 26.hxg3 Bc8 27.Qc3 g5 28.c5 d5 29.e5 Nh7 30.Kf2 Bf5
31.Rh1 Bg6 32.f4 g4 33.Rh2 f5 34.Rah1 Qf7 35.Nbc1 Nf8 36.Bf1 Ne6 37.Qe3 Bf8  1-0

[Event "2nd HD Bank Cup 2012"]
[Site "Ho Chi Minh City VIE"]
[Date "2012.03.02"]
[Round "1.17"]
[White "Nguyen Huynh Minh Huy"]
[Black "Nguyen,Minh Tuan"]
[Result "0-1"]
[WhiteElo "2460"]
[BlackElo "2126"]

1.d4 Nf6 2.Bg5 d5 3.e3 c6 4.Bd3 Bg4 5.Ne2 Nbd7 6.f4 e6 7.c3 Be7 8.Qc2 Bxe2
9.Qxe2 Ne4 10.Bxe7 Qxe7 11.Bxe4 dxe4 12.a3 O-O 13.O-O f5 14.Nd2 a5 15.b4 axb4
16.axb4 Nb6 17.Nb3 Nd5 18.Qd2 b6 19.g3 g5 20.c4 Nxb4 21.c5 Nd5 22.cxb6 gxf4
23.gxf4 Nxb6 24.Nc5 Nd5 25.Kh1 Kh8 26.Qf2 Qf7 27.Rab1 Rfb8 28.Rg1 Rxb1 29.Rxb1 Rg8
30.Re1 h6 31.Qe2 Qg6 32.Qf2 Rg7 33.Re2 Kh7 34.Re1 Kg8 35.Nd7 Qh5 36.Ne5 Nf6
37.Rg1 Ng4 38.Qg3 Qh3 39.Nxc6 Qxg3 40.Rxg3 Nf2+ 41.Kg1 Nd1 42.Nd8 Nxe3 43.Nxe6 Rxg3+
44.hxg3 Kf7 45.Nc5 Nc2 46.d5 Ke7 47.g4 Kd6 48.g5 hxg5 49.fxg5 Ne3 50.Nb3 Nxd5
51.Kf2 Ke5 52.Kg3 f4+ 53.Kg4 Ne3+ 54.Kh5 f3 55.g6 Nf5 56.Kg4 f2  0-1

[Event "2nd HD Bank Cup 2012"]
[Site "Ho Chi Minh City VIE"]
[Date "2012.03.02"]
[Round "2.30"]
[White "Torre,E"]
[Black "Vinod,G"]
[Result "1-0"]
[WhiteElo "2502"]
[BlackElo "2044"]

1.d4 d5 2.Bg5 Nf6 3.e3 e6 4.Nd2 Be7 5.Bd3 Nbd7 6.f4 c5 7.c3 c4 8.Bc2 b5 9.a3 Rb8
10.Ngf3 a5 11.Ne5 Nxe5 12.fxe5 Nd7 13.Bxe7 Qxe7 14.O-O f6 15.exf6 Nxf6 16.e4 dxe4
17.Nxe4 O-O 18.Nxf6+ gxf6 19.Qh5 Bb7 20.Rae1 Qg7 21.Be4 Qf7 22.Qg4+ Kh8 23.Bxb7 Rxb7
24.Rxe6 Re7 25.Rfe1 Rxe6 26.Qxe6 Qg6 27.Qe4 Qg7 28.h4 Qh6 29.Re2 Qc1+ 30.Kh2 b4
31.axb4 axb4 32.cxb4 c3 33.bxc3 Qxc3 34.Qe7 Qc8 35.d5 h5 36.d6 Qa8 37.d7  1-0

[Event "2nd HD Bank Cup 2012"]
[Site "Ho Chi Minh City VIE"]
[Date "2012.03.02"]
[Round "2.16"]
[White "Duong The Anh"]
[Black "Bersamina,Paulo"]
[Result "1-0"]
[WhiteElo "2373"]
[BlackElo "2154"]

1.d4 Nf6 2.Bg5 c5 3.Bxf6 exf6 4.dxc5 Bxc5 5.e3 O-O 6.Nd2 Nc6 7.Ngf3 b6 8.Be2 Bb7
9.O-O Ne5 10.c3 Qc7 11.h3 Rfe8 12.Nb3 f5 13.Nbd4 g6 14.Qb3 Nxf3+ 15.Bxf3 Bxd4
16.Bxb7 Qxb7 17.cxd4 Re4 18.Rac1 f4 19.exf4 Rxf4 20.d5 d6 21.Rc6 Qe7 22.Qc3 Rf5
23.Re1 Qg5 24.Rxd6 Rxd5 25.f4 Qf5 26.g4  1-0

[Event "2nd HD Bank Cup 2012"]
[Site "Ho Chi Minh City VIE"]
[Date "2012.03.02"]
[Round "2.31"]
[White "Bui Vinh"]
[Black "Tran,Q"]
[Result "1/2-1/2"]
[WhiteElo "2463"]
[BlackElo "2025"]

1.d4 Nf6 2.Bg5 g6 3.Bxf6 exf6 4.g3 d5 5.Bg2 c6 6.e3 Bg7 7.Ne2 O-O 8.Nd2 Be6
9.O-O Nd7 10.b3 f5 11.c4 Nf6 12.Rc1 Qa5 13.Rc2 Ne4 14.Nf4 Rad8 15.c5 Rfe8
16.Nd3 Ra8 17.b4 Qd8 18.a4 Nxd2 19.Qxd2 Bd7 20.b5 a6 21.bxc6 Bxc6 22.Rb2 Qd7
23.Rfb1 Bf6 24.Nb4 Bd8 25.Qd3 Ba5 26.Nxc6 bxc6 27.Rb7 Qc8 28.Bf1 Rd8 29.Qc2 Kf8
30.Bd3 Bc7 31.a5 Bxa5 32.Qa4 Bd2 33.R7b2 Bxe3 34.fxe3 Qe6 35.Re2 h5 36.Rb6 Rdc8
37.Bxa6 Rc7 38.Qb3 Kg7 39.Qd3 h4 40.Kg2 Rh8 41.Re1 hxg3 42.Rh1 f4  1/2-1/2

[Event "TCh-AUT 2 Ost 2011-12"]
[Site "Bruck AUT"]
[Date "2012.03.04"]
[Round "7"]
[White "Vass,Frant2"]
[Black "Ganaus,H"]
[Result "1/2-1/2"]
[WhiteElo "2296"]
[BlackElo "2293"]

1.d4 Nf6 2.Bg5 d5 3.Nf3 Ne4 4.h4 c5 5.e3 Qb6 6.Qc1 f6 7.Bf4 cxd4 8.exd4 e5
9.Be3 Nc6 10.c3 exd4 11.Nxd4 Bc5 12.Nd2 Nxd4 13.Nxe4 dxe4 14.Bxd4 Bxd4 15.cxd4 Be6
16.Qc5 Kf7 17.Bc4 Qxc5 18.Bxe6+ Kxe6 19.dxc5 Rhc8 20.Rc1 b6 21.b4 a5 22.O-O bxc5
23.bxc5 Rc6 24.Rfe1 Kd5 25.Red1+ Ke6 26.Re1 Kd5 27.Red1+ Ke6  1/2-1/2

[Event "2nd HD Bank Cup 2012"]
[Site "Ho Chi Minh City VIE"]
[Date "2012.03.05"]
[Round "6.15"]
[White "Tu Hoang Thong"]
[Black "Gu Xiaobing"]
[Result "1-0"]
[WhiteElo "2416"]
[BlackElo "2257"]

1.d4 Nf6 2.Bg5 c5 3.d5 Qb6 4.Nc3 Qxb2 5.Bd2 Qb6 6.e4 d6 7.Rb1 Qc7 8.f4 a6
9.a4 g6 10.Nf3 Bg4 11.Bc4 Bg7 12.O-O O-O 13.Qe1 Bxf3 14.Rxf3 Nbd7 15.Rh3 b5
16.axb5 Nb6 17.Bf1 a5 18.Qh4 e6 19.Re1 h5 20.Rg3 Ng4 21.Rxg4 hxg4 22.f5 exf5
23.exf5 Rfe8 24.f6 Bh8 25.Ne4 Nd7 26.h3 g3 27.Re3 a4 28.Rxg3 Rxe4 29.Qxe4 Nxf6
30.Qe1 Re8 31.Re3 Rxe3 32.Qxe3 Nxd5 33.Qe8+ Kh7 34.Bc4 Bd4+ 35.Kf1 Qb7 36.Qc6 Qxc6
37.bxc6 Nb6 38.c7 a3 39.Ba2 Kg7 40.Ba5 Nc8 41.Ke2 Kf6 42.Kd3 Ke5 43.c3 Bg1
44.Bxf7 g5 45.Kc2 Be3 46.Kb3 d5 47.Bh5 d4 48.cxd4+ cxd4 49.Bg4 Ne7 50.Bb4  1-0

[Event "28th Cappelle Open"]
[Site "Cappelle la Grande FRA"]
[Date "2012.03.06"]
[Round "5.37"]
[White "Manolache,M"]
[Black "Berkovich,M"]
[Result "1/2-1/2"]
[WhiteElo "2561"]
[BlackElo "2389"]

1.d4 Nf6 2.Bg5 d5 3.Bxf6 exf6 4.e3 Bd6 5.g3 O-O 6.Bg2 c6 7.Ne2 Nd7 8.Nd2 f5
9.O-O Nf6 10.c4 Be6 11.cxd5 Bxd5 12.Nc3 Bxg2 13.Kxg2 c5 14.Nb3 cxd4 15.Nxd4 g6
16.Qb3 Qe7 17.Rad1 Rad8 18.Rd3 Bb4 19.Rfd1 Bxc3 20.Rxc3 Ne4 21.Qa3 Qxa3 22.Rxa3 a6
23.Rdd3 Rc8 24.Rdb3 Rc7 25.Rb6 Rd8 26.Ra5 Kg7 27.Re5 Nd2 28.b3 Nb1 29.b4 Nc3
30.Rc5 Rdd7 31.Rxc7 Rxc7 32.b5 Nxb5 33.Nxb5 axb5 34.Rxb5 Rc2 35.a4 Ra2 36.a5 h5
37.h4 Ra1 38.f4 Kf6 39.Kf2 Ra2+ 40.Ke1 Kg7 41.Kd1 Kf6 42.Kc1 Ke6 43.Kb1 Ra4
44.Kb2 Kd6 45.Rxb7 Rxa5 46.Rxf7 Ke6 47.Rg7 Kf6 48.Rd7 Rc5 49.Rd6+ Kf7 50.Rd3 Kf6
51.Rc3 Ra5 52.Rc6+ Kf7 53.Kc3 Ra2 54.Kd4 Re2 55.Ra6 Kg7 56.Ra3 Kf6 57.Rc3 Re1
58.Rc6+ Kf7 59.Rb6 Re2 60.Rb3 Kf6 61.Rc3 Re1 62.Kd5 Rd1+ 63.Kc6 Kg7  1/2-1/2

[Event "European Ind w 2012"]
[Site "Gaziantep TUR"]
[Date "2012.03.06"]
[Round "5"]
[White "Danielian,E"]
[Black "Seps,M"]
[Result "1-0"]
[WhiteElo "2478"]
[BlackElo "2208"]

1.d4 Nf6 2.Bg5 d5 3.Nf3 c6 4.e3 Qb6 5.Qc1 Bf5 6.Bxf6 exf6 7.Be2 Nd7 8.O-O Bd6
9.c4 dxc4 10.Nbd2 Qd8 11.Nxc4 Bc7 12.b4 O-O 13.Qb2 Be4 14.Rfd1 Qe7 15.Rac1 f5
16.g3 Rfe8 17.Nfd2 Bd5 18.Bf3 Nf6 19.Bxd5 Nxd5 20.b5 Rab8 21.Nf3 Qe4 22.Nfe5 Bxe5
23.dxe5 Qf3 24.Qd4 Ne7 25.Nd6 Rf8 26.Qf4 Qh5 27.bxc6 bxc6 28.Rb1 Rb2 29.g4 Rxb1
30.gxh5 Rxd1+ 31.Kg2 f6 32.h6 g5 33.Qa4 Rd5 34.Qxa7 Rxe5 35.a4 f4 36.exf4 gxf4
37.Kf3 f5 38.a5 Re6 39.Qd7 Rff6 40.Qd8+ Rf8 41.Qd7 Rff6 42.a6  1-0

[Event "ch-URU 2012"]
[Site "Montevideo URU"]
[Date "2012.03.09"]
[Round "1"]
[White "Coppola,C"]
[Black "Sanguinetti,L"]
[Result "0-1"]
[WhiteElo "2131"]
[BlackElo "2186"]

1.d4 Nf6 2.Bg5 d5 3.Bxf6 exf6 4.e3 Bd6 5.c4 dxc4 6.Bxc4 f5 7.Nf3 O-O 8.Nc3 Nd7
9.Qc2 Nf6 10.Rd1 a6 11.Ne5 Qe7 12.f4 g6 13.O-O Kg7 14.g3 h5 15.Qg2 h4 16.gxh4 Be6
17.Bxe6 Qxe6 18.Qxb7 Rab8 19.Qxa6 Rxb2 20.Rb1 Rfb8 21.Qc4 Bxe5 22.Qxe6 fxe6
23.fxe5 Ng4 24.Rxb2 Rxb2 25.Rb1 Rc2 26.Nd1 Nxh2 27.Nf2 Nf3+ 28.Kg2 Nd2 29.Re1 Ne4
30.Rf1 Rxa2 31.Kg1 Nc3 32.Kg2 Nd5 33.Re1 Ra3 34.Nd1 Kh6 35.Kf2 Kh5 36.Rg1 Nc3
37.Nxc3 Rxc3 38.Ke2 c5 39.d5 exd5 40.Rd1 d4 41.exd4 cxd4 42.Rxd4 Rc5 43.Kf3 Rxe5
44.Rd8 Kxh4 45.Rg8 Kg5 46.Rf8 Ra5 47.Rg8 Ra3+ 48.Kf2 Kh5 49.Rf8 Kg4 50.Rb8 Ra2+
51.Kf1 f4 52.Rb5 g5 53.Rc5 Kh4 54.Rf5 Ra4 55.Rb5 g4 56.Rb3 f3 57.Kg1 Kg3
58.Rb1 Re4 59.Ra1 f2+  0-1

[Event "36th Blackpool Open"]
[Site "Blackpool ENG"]
[Date "2012.03.10"]
[Round "2"]
[White "Ledger,S"]
[Black "Arkell,K"]
[Result "1/2-1/2"]
[WhiteElo "2107"]
[BlackElo "2414"]

1.d4 Nf6 2.Bg5 g6 3.Nf3 Bg7 4.e3 c5 5.Nbd2 cxd4 6.exd4 d5 7.c3 O-O 8.Bd3 Nc6
9.O-O Bg4 10.Re1 Qd7 11.h3 Bf5 12.Qc2 Bxd3 13.Qxd3 Rfe8 14.Ne5 Qf5 15.Qxf5 gxf5
16.Bxf6 Bxf6 17.f4 h5 18.Ndf3 e6 19.Re2 Rec8 20.g4 hxg4 21.hxg4 fxg4 22.Nxg4 Bg7
23.Kf2 Ne7 24.Nh4 Rc6 25.Rg1 Kf8 26.Ne5 Rd6 27.Kf3 Bf6 28.Rh2 Rad8 29.Ng4 Bg7
30.Ne5 b5 31.a3 a5 32.Ke3 Bf6 33.Kd3 Rb6 34.Rf1 Bg7 35.f5 Bxe5 36.dxe5 exf5
37.Nxf5 Ng6 38.Kc2 f6 39.exf6 Rxf6 40.Rhf2 Rb8  1/2-1/2